Länder mit ähnlicher Größe wie Deutschland - Statistiken

Allgemein
  • Dieses Quiz wurde 69 mal gespielt
  • Das Durchschnittsergebnis liegt bei 11 aus 20
Antwortstatistiken
Fläche in km² Land Differenz in km² % Korrekt
312.685 Polen - 44.337
85%
338.145 Finnland - 18.887
82%
301.340 Italien - 55.682
80%
450.295 Schweden + 93.273
79%
323.802 Norwegen - 33.220
77%
438.317 Irak + 81.295
67%
377.915 Japan + 20.893
59%
267.710 Neuseeland - 89.312
54%
283.561 Ecuador - 73.461
51%
406.752 Paraguay + 49.730
51%
331.210 Vietnam - 25.812
48%
446.550 Marokko + 89.478
44%
329.847 Malaysia - 27.175
43%
309.500 Oman - 47.522
39%
342.000 Rep. Kongo - 15.022
39%
447.400 Usbekistan + 90.387
39%
274.200 Burkina Faso - 82.822
31%
300.000 Philippinen - 57.022
30%
267.667 Gabun - 89.355
28%
390.757 Simbabwe + 33.753
26%
Keine übereinstimmenden Quizze gefunden
Verteilung der Resultate
Anzahl Personen mit jedem Resultat
Perzentil nach korrekt beantworteten Fragen
Ihre Resultats-Entwicklung
Sie haben dieses Quiz noch nicht gespielt